|
|
|
|
| LEADER |
01738nam a2200325 a 4500 |
| 001 |
14175246 |
| 008 |
091011s1998 bg bs 000 0 eng d |
| 010 |
|
|
|a \\2005386411
|
| 020 |
|
|
|a 9845511694
|
| 040 |
|
|
|a DLC
|c DLC
|
| 082 |
0 |
0 |
|a 306.85/095492
|2 21
|
| 100 |
1 |
|
|a Ahsan, Syed Shamim.
|
| 245 |
1 |
0 |
|a Bangladesh's experiences with human resource development strategies in family planning service delivery :
|b a critical look at the past and directions for the future /
|c Syed Shamim Ahsan, Aye Aye Thwin.
|
| 260 |
|
|
|a Dhaka :
|b Centre for Health and Population Research, International Centre for Diarrhoeal Disease Research, Bangladesh,
|c c1998.
|
| 300 |
|
|
|a iv, 21 p. ;
|c 25 cm.
|
| 490 |
1 |
|
|a ICDDR,B working paper ;
|v no. 118
|
| 490 |
1 |
|
|a Working paper ;
|v no. 152
|
| 500 |
|
|
|a "Operations Research Project, Health and Population Extension Division"--Cover.
|
| 500 |
|
|
|a Includes statistical tables.
|
| 504 |
|
|
|a Includes bibliographical references (p. 19-21).
|
| 541 |
1 |
|
|e 00007325
|
| 650 |
|
0 |
|a Family policy
|z Bangladesh.
|
| 700 |
0 |
|
|a Aye Aye Thwin.
|
| 710 |
2 |
|
|a International Centre for Diarrhoeal Disease Research, Bangladesh.
|
| 710 |
2 |
|
|a Operations Research Project (International Centre for Diarrhoeal Disease Research, Bangladesh)
|
| 830 |
|
0 |
|a Working paper (International Centre for Diarrhoeal Disease Research, Bangladesh) ;
|v no. 118.
|
| 830 |
|
0 |
|a Working paper (Operations Research Project (International Centre for Diarrhoeal Disease Research, Bangladesh)) ;
|v no. 152.
|
| 852 |
4 |
|
|a Ayesha Abed Library
|j General shelf
|
| 999 |
|
|
|c 4437
|d 4437
|
| 952 |
|
|
|0 0
|1 0
|2 ddc
|4 0
|6 306_850954920000000_AHS
|7 0
|9 4148
|a BRACUL
|b BRACUL
|c GEN
|d 2009-10-11
|g 0.00
|l 1
|o 306.85095492 AHS
|p 3010007325
|r 2017-12-05
|s 2017-11-28
|t 1
|w 2009-10-11
|y BK
|